| 000 -ლიდერი |
| ფიქსირებული სიგრძის საკონტროლო ველი |
01237nam a2200241Ia 4500 |
| 001 - საკონტროლო ნომერი |
| საკონტროლო ველი |
4412 |
| 003 - საკონტროლო ნომრის იდენტიფიკატორი |
| საკონტროლო ველი |
GE_BSU |
| 005 - ბოლო ოპერაციის თარიღი და დრო |
| საკონტროლო ველი |
20190516205217.0 |
| 008 - ფიქსირებული სიგრძის მონაცემთა ელემენტები - ზოგადი ინფორმაცია |
| ფიქსირებული სიგრძის საკონტროლო ველი |
181216s1962|||| |||||||||||||| ||geo|| |
| 040 ## - კატალოგიზაციის წყარო |
| Transcribing agency |
GE_BSU |
| 041 ## - ენის კოდი |
| Language code of text/sound track or separate title |
geo |
| 080 ## - უნივერსალური ათობითი კლასიფიკაციის ინდექსი |
| Universal Decimal Classification number |
531.01(072) ა–38 |
| 100 ## - მთავარი ჩანაწერი - პიროვნების სახელი |
| Personal name |
აიზენბერგი, ტ. |
| 9 (RLIN) |
1288 |
| 245 ## - ცნობა სათაურის შესახებ |
| Title |
მეთოდური მითითებანი თეორიული მექანიკის ამოცანების ამოსახსნელად : |
| Remainder of title |
მეთოდ. მითითებები უმაღლ. სასწ. დაუსწრ. სწავლების სტ-ბისათვის / |
| Statement of responsibility, etc |
ტ. აიზენბერგი ; ი. ვორონკოვი ; ვ. ოსეცკი ; რედ : ა.გორგიძე. |
| 264 ## - წარმოების, გამოცემის, დისტრიბუციის და სხვა ცნობები |
| გამოცემის, წარმოების, დისტრიბუციის... ადგილი |
თბილისი .: |
| გამოცემის, წარმოების, დისტრიბუციის... სახელწოდება |
სპი გამ-ბა, |
| გამოცემის, წარმოების, დისტრიბუციის... თარიღი |
1962. |
| 300 ## - ფიზიკური აღწერა |
| Extent |
187 გვ .: |
| Dimensions |
25 სმ. |
| 653 ## - INDEX TERM--UNCONTROLLED |
| Uncontrolled term |
თეორიული მექანიკა |
| 653 ## - INDEX TERM--UNCONTROLLED |
| Uncontrolled term |
ფიზიკა |
| 700 ## - ADDED ENTRY--PERSONAL NAME |
| Personal name |
ვორონკოვი, ი |
| 9 (RLIN) |
1212 |
| 700 ## - ADDED ENTRY--PERSONAL NAME |
| Personal name |
ოსეცკი, ვ |
| 9 (RLIN) |
1210 |
| 700 ## - ADDED ENTRY--PERSONAL NAME |
| Personal name |
გორგიძე, ა |
| Relator term |
რედაქტორი |
| 9 (RLIN) |
1282 |
| 942 ## - ADDED ENTRY ELEMENTS (KOHA) |
| Koha item type |
წიგნი |
| Source of classification or shelving scheme |
|